000 00264nam a2200097Ia 4500
001 1063662
005 20250827001701.0
008 250824s9999 xx 000 0 und d
245 0 _aSORULARLA OSMANLI İMPARATORLUĞU 5
_cERHAN AFYONCU
260 _bYEDİTEPE YAYINLARI
999 _c1063662
_d1063662